| 000 | 01143nam a2200289 i 4500 | ||
|---|---|---|---|
| 003 | EG-GICUC | ||
| 005 | 20260127222335.0 | ||
| 008 | 260127s2000 ua ||||fr|||| 00| 0 ara d | ||
| 040 |
_a EG-GICUC _bara _c EG-GICUC _d EG-GICUC _erda |
||
| 041 | 0 | _aara | |
| 082 | 0 | 4 |
_221 _a345.2 _bم ح . ت |
| 092 | 0 | 4 | _221 |
| 099 | _aLaw1 07 345.2 م ح . ت 2000 | ||
| 100 | 0 |
_aمحمد مرغنى خيري _eمؤلف. |
|
| 245 | 1 | 2 |
_aالتطورات المعاصرة في مبدأ مسئولية الدولة في مصر والخارج : _b) مشكلة الاختصاص الوظيفي بأعمال الادارة المادية ) / _cدكتور محمد مرغنى خيري. |
| 264 |
_a[دون مكان نشر] : _b[دون ناشر]، _c[2000]. |
||
| 300 |
_a66 صفحة؛ _c24 سم. |
||
| 336 |
_2rda content _atext |
||
| 337 |
_2rda media _aComputer |
||
| 338 |
_2rda carrier _aOnline Resource |
||
| 546 | _aالنص باللغة العربية | ||
| 650 | 1 | 4 | _aالتنظيم الإداري |
| 650 | 1 | 4 | _aالقانون الإداري |
| 856 | 4 | 0 | _uhttps://fll.law.cu.edu.eg/fulltext/bks/B07-03091.pdf |
| 905 | _a32 | ||
| 942 |
_2ddc _cBK _e21 _n0 |
||
| 999 |
_c59904 _d59904 |
||